[Event "Schachfestival Senioren"]
[Site "Bad Woerishofen"]
[Date "2023.03.08"]
[Round "6.23"]
[White "Naeckel, Gerhard"]
[Black "Bohlin, Jan"]
[Result "1/2-1/2"]
[WhiteElo "2146"]
[BlackElo "1814"]
[PlyCount "79"]
[EventDate "2023.??.??"]
[WhiteTeam "SV Steinitz Puettlingen"]
[BlackTeam "Majornas SS"]

1. e4 c5 2. Nf3 e6 3. d4 cxd4 4. Nxd4 Nc6 5. Nc3 Qc7 6. g3 a6 7. Bg2 d6 8. O-O Bd7 9. Be3 Nf6 10. h3 Be7 11. Qe2 O-O 12. f4 Rad8 13. Rad1 Nxd4 14. Bxd4 Bc6 15. f5 b5 16. fxe6 fxe6 17. a3 Qb7 18. e5 dxe5 19. Bxe5 Bxg2 20. Qxg2 Qxg2+ 21. Kxg2 Rxd1 22. Rxd1 Rd8 23. Rxd8+ Bxd8 24. Kf3 Kf7 25. Ne4 Nxe4 26. Kxe4 g6 27. Bd6 Ke8 28. b3 Kd7 29. Bf8 Bf6 30. a4 bxa4 31. bxa4 Kc6 32. Bb4 Kd7 33. g4 Kc6 34. Bf8 Kd7 35. Bc5 Bg7 36. Bd4 Bf8 37. Ke5 Bg7+ 38. Ke4 Bf8 39. Ke5 Bg7+ 40. Ke4 1/2-1/2

[Event "Schachfestival Senioren"]
[Site "Bad Woerishofen"]
[Date "2023.03.08"]
[Round "6.24"]
[White "Rueberg, Jobst"]
[Black "Cerpnjak, Mirko"]
[Result "1-0"]
[WhiteElo "2090"]
[BlackElo "1702"]
[PlyCount "69"]
[EventDate "2023.??.??"]
[WhiteTeam "SV Ahlen 1954 e. V."]
[BlackTeam "SC Groebenzell"]

1. e4 e6 2. d4 d5 3. e5 c5 4. c3 Qc7 5. Nf3 Nc6 6. Be2 f6 7. Bf4 f5 8. h4 Bd7 9. Nbd2 cxd4 10. cxd4 Qb6 11. Nb3 Bb4+ 12. Kf1 Rc8 13. g3 Nh6 14. Kg2 O-O 15. Rc1 Na5 16. Nxa5 Bxa5 17. Rb1 Qc6 18. b4 Bb6 19. Qd2 Nf7 20. Rhc1 Qa4 21. Qb2 Rxc1 22. Rxc1 Rc8 23. Bd1 Qa6 24. Rxc8+ Bxc8 25. b5 Qa5 26. Bd2 Bxd4 27. Nxd4 Qc7 28. Nf3 Qc4 29. Qc2 Bd7 30. Qxc4 dxc4 31. a4 a6 32. bxa6 bxa6 33. Bc3 Bc6 34. Kf1 Kf8 35. Nd2 1-0

[Event "Schachfestival Senioren"]
[Site "Bad Woerishofen"]
[Date "2023.03.08"]
[Round "6.25"]
[White "Di Lazzaro, Gabriele"]
[Black "Steinberg, Sven"]
[Result "1/2-1/2"]
[WhiteElo "1810"]
[BlackElo "2011"]
[PlyCount "65"]
[EventDate "2023.??.??"]
[BlackTeam "TSV Trostberg"]

1. d4 Nf6 2. Nc3 d5 3. e4 dxe4 4. f3 exf3 5. Nxf3 Bg4 6. h3 Bxf3 7. Qxf3 c6 8. Be3 e6 9. Bd3 Nbd7 10. O-O Be7 11. Ne4 O-O 12. c4 Rc8 13. Rad1 Qa5 14. Bb1 Nxe4 15. Qxe4 g6 16. Qf3 f5 17. Bh6 Rf7 18. Bd2 Qb6 19. Bc3 Bf6 20. Kh1 e5 21. c5 Qc7 22. a3 exd4 23. Bxd4 Bxd4 24. Rxd4 Kg7 25. Rd6 Nf6 26. Ba2 Re7 27. Qc3 Rf8 28. Rfd1 g5 29. Rxf6 Rxf6 30. Rd6 Ref7 31. Bxf7 Qxf7 32. Qd4 Kg6 33. b4 1/2-1/2

[Event "Schachfestival Senioren"]
[Site "Bad Woerishofen"]
[Date "2023.03.08"]
[Round "6.26"]
[White "Speicher, Franz"]
[Black "Halli, Gerhard"]
[Result "0-1"]
[WhiteElo "1790"]
[BlackElo "1957"]
[PlyCount "100"]
[EventDate "2023.??.??"]
[WhiteTeam "Dicker Turm Esslingen"]
[BlackTeam "SK 1947 Sandhausen e.V."]

1. Nf3 d5 2. e3 Nf6 3. c4 c6 4. Nc3 e6 5. b3 Bd6 6. Bb2 Qe7 7. Be2 Nbd7 8. cxd5 exd5 9. d4 O-O 10. O-O Ne4 11. Nxe4 Qxe4 12. Bd3 Qe7 13. Qc2 g6 14. Rae1 f5 15. g3 Ba3 16. Bxa3 Qxa3 17. Nh4 Nf6 18. f3 Qd6 19. Ng2 Bd7 20. Qb2 Rae8 21. Bb1 Rf7 22. Nf4 Rfe7 23. Qc3 Bc8 24. Nd3 Rxe3 25. Rxe3 Rxe3 26. Qd2 Re8 27. Qg5 Kg7 28. Ne5 c5 29. Qf4 Nh5 30. Qd2 cxd4 31. f4 Qb6 32. Rd1 Nf6 33. Qxd4 Qxd4+ 34. Rxd4 Be6 35. b4 Rc8 36. Nd3 Ne4 37. Nc5 Nxc5 38. bxc5 Rxc5 39. Kf2 Kf6 40. Ke3 Ke7 41. Rb4 b6 42. Bd3 Kd6 43. Kd4 Bd7 44. a4 Rc1 45. a5 bxa5 46. Rb7 Rh1 47. Rxa7 a4 48. Ra6+ Bc6 49. Bb5 Rc1 50. Bxa4 Rc4+ 0-1

[Event "Schachfestival Senioren"]
[Site "Bad Woerishofen"]
[Date "2023.03.08"]
[Round "6.27"]
[White "Kundt, Guenther"]
[Black "Braeu, Wolfgang"]
[Result "1/2-1/2"]
[WhiteElo "1776"]
[BlackElo "1921"]
[PlyCount "77"]
[EventDate "2023.??.??"]
[WhiteTeam "SSC Graal-MÃ¼ritz"]
[BlackTeam "ASV Martinszell Abteilung Schach"]

1. d4 g6 2. c4 Bg7 3. Nc3 d6 4. e4 c6 5. f4 Nh6 6. Be2 d5 7. cxd5 cxd5 8. Bb5+ Bd7 9. Bxd7+ Qxd7 10. e5 O-O 11. Nf3 Nc6 12. O-O a6 13. Qb3 e6 14. Be3 b5 15. Qd1 Rfc8 16. Qd2 Ng4 17. Rfc1 Rab8 18. h3 Nxe3 19. Qxe3 Bf8 20. g4 Na5 21. Nd2 b4 22. Ne2 Be7 23. Ng3 Bh4 24. Rf1 Rc2 25. Rf3 Kh8 26. Raf1 Nc4 27. Nxc4 Rxc4 28. f5 Bxg3 29. Rxg3 Rg8 30. fxe6 Qxe6 31. Rf6 Qe7 32. Rgf3 Rgc8 33. Kg2 Kg7 34. Rxa6 Rc2+ 35. Rf2 R8c6 36. Rxc6 Rxc6 37. Qb3 Rc4 38. Qe3 Qa7 39. Rd2 1/2-1/2

[Event "Schachfestival Senioren"]
[Site "Bad Woerishofen"]
[Date "2023.03.08"]
[Round "6.28"]
[White "Goris, Ton"]
[Black "Schmitt, Karl"]
[Result "1-0"]
[WhiteElo "1905"]
[BlackElo "1808"]
[PlyCount "45"]
[EventDate "2023.??.??"]
[BlackTeam "Bergische SF 1923 Bergisch Gladbach e. V."]

1. d4 d6 2. e4 g6 3. Nc3 Bg7 4. f4 a6 5. Nf3 b5 6. a3 Nd7 7. Be3 Bb7 8. Bd3 c5 9. O-O Ngf6 10. dxc5 Nxc5 11. e5 Ng4 12. Qe2 Nxe3 13. Qxe3 O-O 14. Rad1 Qc7 15. Be2 Rfd8 16. Nd5 Bxd5 17. Rxd5 Rac8 18. Bd1 Nb7 19. e6 Nc5 20. exf7+ Kf8 21. Ng5 h6 22. Rxc5 Qa7 23. Ne6+ 1-0

[Event "Schachfestival Senioren"]
[Site "Bad Woerishofen"]
[Date "2023.03.08"]
[Round "6.29"]
[White "Gerl, Hans"]
[Black "Laustsen, Karl-Johan"]
[Result "1-0"]
[WhiteElo "1883"]
[BlackElo "1804"]
[PlyCount "51"]
[EventDate "2023.??.??"]
[WhiteTeam "SGem 1882 Fuerth"]
[BlackTeam "1.FC Marktleuthen"]

1. d4 Nf6 2. c4 e6 3. Nf3 b6 4. Bg5 Be7 5. Nc3 Bb7 6. e3 d5 7. Rc1 O-O 8. Bd3 c6 9. O-O h6 10. Bh4 Nbd7 11. b3 Rc8 12. Bb1 Ne8 13. Qd3 f5 14. Bxe7 Qxe7 15. Ne5 Nxe5 16. dxe5 g6 17. cxd5 cxd5 18. f4 Nc7 19. Ne2 Na6 20. Qd2 Nc5 21. Rfd1 Rc7 22. Nd4 Ba6 23. b4 Ne4 24. Rxc7 Qxc7 25. Bxe4 dxe4 26. Nxe6 1-0

[Event "Schachfestival Senioren"]
[Site "Bad Woerishofen"]
[Date "2023.03.08"]
[Round "6.30"]
[White "Schestak, Herbert"]
[Black "Green, Per"]
[Result "1/2-1/2"]
[WhiteElo "1729"]
[BlackElo "1876"]
[PlyCount "95"]
[EventDate "2023.??.??"]
[BlackTeam "Argryte SK"]

1. d4 Nf6 2. Bf4 e6 3. e3 c5 4. c3 cxd4 5. exd4 b6 6. Nf3 Be7 7. Bd3 Ba6 8. Bxb8 Bxd3 9. Qxd3 Rxb8 10. Nbd2 O-O 11. O-O b5 12. a3 d6 13. Rfd1 Qd7 14. Ne4 Rfc8 15. Rac1 a5 16. b4 Ra8 17. Ra1 Qc6 18. Nxf6+ Bxf6 19. Rac1 Qd5 20. Qb1 g6 21. Rd3 Ra6 22. Nd2 Bg5 23. Rc2 axb4 24. axb4 Bxd2 25. Rdxd2 Rca8 26. Qd1 Ra1 27. Rc1 Rxc1 28. Qxc1 Ra4 29. f3 Qa8 30. Kf2 Ra1 31. Qc2 d5 32. Qd3 Qb8 33. g3 Qb6 34. Rd1 Ra3 35. f4 Qc6 36. Rd2 Ra1 37. h4 h5 38. Qe2 Ra3 39. Qd3 Kg7 40. Qe3 Qc7 41. Qd3 Qb8 42. Qe3 Qd6 43. Qe5+ Qxe5 44. dxe5 f6 45. Ke3 fxe5 46. fxe5 Ra6 47. Kd4 Rc6 48. Ra2 1/2-1/2

[Event "Schachfestival Senioren"]
[Site "Bad Woerishofen"]
[Date "2023.03.08"]
[Round "6.31"]
[White "Ganslmayer, Anton"]
[Black "Kleinhenz, Hans-Georg"]
[Result "0-1"]
[WhiteElo "1856"]
[BlackElo "1796"]
[PlyCount "36"]
[EventDate "2023.??.??"]
[WhiteTeam "SV Jedesheim"]
[BlackTeam "Stolberger SV 1927"]

1. e4 c6 2. d3 d5 3. Nd2 e5 4. Ngf3 Bd6 5. Qe2 Qc7 6. exd5 cxd5 7. Nxe5 Ne7 8. Nef3 Qxc2 9. Nb3 Qc7 10. Be3 O-O 11. Rc1 Nbc6 12. Qd2 Nf5 13. Be2 Nxe3 14. fxe3 Bg4 15. Nbd4 Qb6 16. a3 Rfe8 17. Kf2 Bxf3 18. Nxf3 Bf4 0-1

[Event "Schachfestival Senioren"]
[Site "Bad Woerishofen"]
[Date "2023.03.08"]
[Round "6.32"]
[White "Meul, Willi"]
[Black "Wild, Helmut"]
[Result "1/2-1/2"]
[WhiteElo "1722"]
[BlackElo "1855"]
[PlyCount "34"]
[EventDate "2023.??.??"]
[WhiteTeam "Bruehler SK 1920 e. V."]
[BlackTeam "SK Gau-Algesheim"]

1. d4 c5 2. Bf4 cxd4 3. Qxd4 Nc6 4. Qd1 d5 5. e3 Bf5 6. Nf3 a6 7. Nbd2 e6 8. a3 Bd6 9. Bxd6 Qxd6 10. Bd3 Bg6 11. O-O Nf6 12. Re1 O-O 13. Bxg6 hxg6 14. e4 dxe4 15. Nxe4 Nxe4 16. Rxe4 Qxd1+ 17. Rxd1 Rfd8 1/2-1/2

[Event "Schachfestival Senioren"]
[Site "Bad Woerishofen"]
[Date "2023.03.08"]
[Round "6.33"]
[White "Auterhoff, Juergen"]
[Black "Wulf, Juergen"]
[Result "0-1"]
[WhiteElo "1706"]
[BlackElo "1841"]
[PlyCount "154"]
[EventDate "2023.??.??"]
[WhiteTeam "Schachfreunde Muenchen"]
[BlackTeam "Markdorf"]

1. e4 e5 2. Nf3 Nc6 3. Bc4 Bc5 4. c3 Nf6 5. d3 d6 6. h3 O-O 7. O-O Na5 8. b4 Nxc4 9. bxc5 Na5 10. cxd6 cxd6 11. Nbd2 Qc7 12. Bb2 b6 13. Re1 Ba6 14. Re3 Rfd8 15. c4 Nc6 16. Qa4 Bc8 17. Qd1 a6 18. Rc1 Qe7 19. Nf1 h6 20. N1h2 Be6 21. a3 Nd7 22. g4 Nc5 23. Qf1 Nb3 24. Rd1 b5 25. cxb5 axb5 26. Qg2 f6 27. Nh4 d5 28. Ree1 Qc5 29. Nf5 dxe4 30. dxe4 Rxd1 31. Rxd1 Qc2 32. Rd6 Kf7 33. f3 Qc4 34. Qf2 Rc8 35. Qb6 Qc5+ 36. Qxc5 Nxc5 37. Nf1 g6 38. Nxh6+ Ke7 39. Rd2 Na4 40. Kg2 Nxb2 41. Rxb2 Nd4 42. g5 fxg5 43. Ng4 Bxg4 44. fxg4 Rc2+ 45. Rxc2 Nxc2 46. Kf2 Nxa3 47. Ke2 Kd6 48. Kd3 Kc5 49. Nd2 Nc4 50. Nf3 b4 51. Nxg5 b3 52. h4 Kb4 53. h5 gxh5 54. gxh5 Ka3 55. h6 b2 56. h7 b1=Q+ 57. Kxc4 Qh1 58. Kd5 Qh6 59. Kc5 Kb3 60. Kd5 Kb4 61. Nf7 Qxh7 62. Nxe5 Kb5 63. Kd4 Qh6 64. Kd5 Qd2+ 65. Ke6 Kc5 66. Nd7+ Kc6 67. Ne5+ Kc7 68. Nc4 Qd4 69. Ne5 Qxe4 70. Kf6 Kd6 71. Nf7+ Kd5 72. Ng5 Qf4+ 73. Kg6 Ke5 74. Nf7+ Ke6 75. Ng5+ Ke7 76. Kh5 Kf6 77. Nh7+ Kf5 0-1

[Event "Schachfestival Senioren"]
[Site "Bad Woerishofen"]
[Date "2023.03.08"]
[Round "6.35"]
[White "Emser, Heinrich"]
[Black "Vaclahovsky, Gerhard"]
[Result "1/2-1/2"]
[WhiteElo "1822"]
[BlackElo "1648"]
[PlyCount "38"]
[EventDate "2023.??.??"]
[WhiteTeam "Vereinslos"]
[BlackTeam "SK Keres-Augsburg 1980"]

1. e4 e6 2. g3 d5 3. d4 dxe4 4. Bg2 Nf6 5. Ne2 Be7 6. O-O O-O 7. c4 c5 8. Be3 b6 9. Qc2 Bb7 10. Rd1 Qc8 11. b3 Nc6 12. a3 cxd4 13. Nxd4 Nxd4 14. Bxd4 Rd8 15. Nc3 e3 16. Bxe3 Bxg2 17. Kxg2 Qc6+ 18. Kg1 Rxd1+ 19. Qxd1 Rd8 1/2-1/2

[Event "Schachfestival Senioren"]
[Site "Bad Woerishofen"]
[Date "2023.03.08"]
[Round "6.36"]
[White "Waltenberger, Udo"]
[Black "Mitschka, Manfred"]
[Result "1-0"]
[WhiteElo "1978"]
[BlackElo "1686"]
[PlyCount "127"]
[EventDate "2023.??.??"]
[WhiteTeam "SV Eiche Reichenbrand"]
[BlackTeam "SK Neuburg"]

1. Nf3 Nf6 2. g3 g6 3. d4 d5 4. c4 c6 5. cxd5 cxd5 6. Bg2 Bg7 7. O-O O-O 8. Nc3 Bd7 9. Ne5 e6 10. Bf4 Nh5 11. Be3 Nf6 12. Qd2 Nc6 13. Nxc6 Bxc6 14. Bh6 Qb6 15. Bxg7 Kxg7 16. e3 Rac8 17. Rfc1 Rc7 18. Rc2 Rfc8 19. Rac1 a6 20. Bf1 Bd7 21. Bd3 h5 22. h4 Qd6 23. Qe2 Bc6 24. Qf3 Qe7 25. Qf4 Ne8 26. f3 Qd6 27. Qxd6 Nxd6 28. e4 dxe4 29. fxe4 Bd7 30. Kf2 b5 31. Ne2 Rxc2 32. Rxc2 Rxc2 33. Bxc2 Bc6 34. e5 Nc4 35. b3 Nb6 36. Nf4 Kf8 37. Ke3 Nd5+ 38. Nxd5 Bxd5 39. Be4 Ke7 40. Bxd5 exd5 41. b4 Ke6 42. Kf4 Ke7 43. Kg5 Ke6 44. Kf4 Ke7 45. g4 hxg4 46. Kxg4 f6 47. exf6+ Kxf6 48. Kf4 Ke6 49. Kg5 Kf7 50. h5 gxh5 51. Kxh5 Kf6 52. Kg4 Kg6 53. Kf4 Kf6 54. a3 Ke6 55. Kg5 Kd7 56. Kf5 Kd6 57. Kf6 Kc7 58. Ke5 Kc6 59. Ke6 Kb6 60. Kxd5 a5 61. Kd6 Kb7 62. Kc5 axb4 63. axb4 Kc8 64. Kxb5 1-0

[Event "Schachfestival Senioren"]
[Site "Bad Woerishofen"]
[Date "2023.03.08"]
[Round "6.37"]
[White "Aigner, Georg"]
[Black "Wuest, Michael"]
[Result "0-1"]
[WhiteElo "1742"]
[BlackElo "1881"]
[PlyCount "134"]
[EventDate "2023.??.??"]
[WhiteTeam "SC Taufkirchen"]
[BlackTeam "PTSV SK Hof 1892"]

1. e4 e5 2. Nf3 Nf6 3. Nxe5 d6 4. Nf3 Nxe4 5. Nc3 Nf6 6. d4 Be7 7. Bd3 Bg4 8. h3 Bh5 9. Be3 O-O 10. Qd2 Nc6 11. a3 a6 12. Ng5 Bg6 13. Bxg6 hxg6 14. O-O d5 15. Rae1 Qd7 16. Qd3 Rae8 17. Bf4 Bd6 18. Bxd6 Qxd6 19. Nf3 Qf4 20. Ne2 Qd6 21. Ng3 Re6 22. Rxe6 Qxe6 23. Re1 Qd6 24. Re3 Re8 25. Qd2 Rxe3 26. Qxe3 b5 27. Ne5 Na5 28. Qc3 Nc4 29. Nxc4 bxc4 30. Qe3 Qb6 31. b3 cxb3 32. cxb3 Qc6 33. Qd2 Qe6 34. Qe2 Qxe2 35. Nxe2 Ne4 36. Nc1 Kf8 37. f3 Nc3 38. a4 Ke7 39. Kf2 Kd6 40. Ke1 c5 41. dxc5+ Kxc5 42. Nd3+ Kd6 43. Kd2 d4 44. a5 Nd5 45. g3 g5 46. Nf2 f5 47. Nd3 Kc6 48. Ne5+ Kc5 49. Kc2 Nb4+ 50. Kd2 Kb5 51. Nc4 Nc6 52. Nd6+ Kxa5 53. Nxf5 Kb4 54. Kc2 g6 55. Nd6 Ne5 56. f4 d3+ 57. Kd2 gxf4 58. gxf4 Nf3+ 59. Kd1 Kxb3 60. f5 gxf5 61. Nxf5 a5 62. h4 a4 63. h5 Ng5 64. Kd2 a3 65. Kxd3 Nf3 66. Ne3 Ne1+ 67. Kd2 a2 0-1

[Event "Schachfestival Senioren"]
[Site "Bad Woerishofen"]
[Date "2023.03.08"]
[Round "6.38"]
[White "Leser, Alfred"]
[Black "Bachmann, Rolf"]
[Result "1/2-1/2"]
[WhiteElo "1689"]
[BlackElo "1870"]
[PlyCount "80"]
[EventDate "2023.??.??"]
[WhiteTeam "Schachfreunde Mengen"]
[BlackTeam "Hammer Sportclub 2008 e. V."]

1. d4 d5 2. Nc3 Nf6 3. Bf4 e6 4. Nb5 Na6 5. e3 c5 6. c3 Bd7 7. Nd6+ Bxd6 8. Bxd6 Qb6 9. Bxa6 bxa6 10. dxc5 Qxb2 11. Qc1 Qxc1+ 12. Rxc1 Ne4 13. Be5 Nxc5 14. Bxg7 Rg8 15. Bd4 Nd3+ 16. Kd2 Nxc1 17. Kxc1 Rxg2 18. Nf3 Rxf2 19. Rg1 O-O-O 20. Ne5 Be8 21. Kb1 Rxh2 22. Bxa7 f6 23. Ng4 Bg6+ 24. Ka1 Rc2 25. Nxf6 Rxc3 26. Bd4 Rc4 27. Ng4 Bf5 28. Ne5 Rc2 29. Rg7 Rc1+ 30. Kb2 Rb1+ 31. Ka3 Rb7 32. Rg1 Re8 33. Rc1+ Rc7 34. Nc6 e5 35. Bb6 Rg7 36. Ne7+ Kb7 37. Nxf5 Rd7 38. Bc5 Re6 39. Rb1+ Kc7 40. Ka4 Rc6 1/2-1/2

[Event "Schachfestival Senioren"]
[Site "Bad Woerishofen"]
[Date "2023.03.08"]
[Round "6.39"]
[White "Eibl, Guenter"]
[Black "Krotofil, Kurt"]
[Result "1-0"]
[WhiteElo "1693"]
[BlackElo "1817"]
[PlyCount "141"]
[EventDate "2023.??.??"]
[WhiteTeam "Schachfreunde Muenchen"]
[BlackTeam "Niendorfer TSV 1919 SAbt"]

1. d4 Nf6 2. c4 e6 3. Nc3 d5 4. cxd5 exd5 5. Bg5 Be7 6. e3 O-O 7. Bd3 Be6 8. Nf3 Nbd7 9. Qc2 h6 10. Bh4 Rc8 11. O-O c5 12. dxc5 Nxc5 13. Rac1 Nxd3 14. Qxd3 Qa5 15. Qb5 Qxb5 16. Nxb5 a6 17. Nbd4 Bg4 18. Ne5 Bh5 19. Nf5 Bb4 20. Ng3 Bd2 21. Rxc8 Rxc8 22. Nxh5 Nxh5 23. Nd3 g5 24. Bg3 Nxg3 25. hxg3 Rc2 26. g4 Ba5 27. Rd1 Kf8 28. g3 Ke7 29. Kg2 Kd6 30. Kf3 Bd8 31. Nb4 Rc5 32. e4 Bf6 33. Rxd5+ Rxd5 34. Nxd5 Bxb2 35. Ke3 b5 36. Nb4 a5 37. Nc2 Kc5 38. Kd3 b4 39. Ne3 Bg7 40. Nc2 a4 41. Ne3 Bf8 42. Nd5 a3 43. Kc2 Kc4 44. f3 Bd6 45. Ne3+ Kb5 46. Nf5 Bf8 47. Kb3 Kc5 48. Ne3 Kb5 49. Nf5 Kc5 50. Ne3 Kd4 51. Nc2+ Kc5 52. Nxb4 Kb5 53. Nc2 Be7 54. Nxa3+ Ka5 55. Nc4+ Kb5 56. a4+ Ka6 57. Ne3 Bc5 58. Nf5 Bf8 59. f4 Ka5 60. e5 Ka6 61. Nd6 f6 62. Nc4 Be7 63. e6 Bc5 64. Nd2 Bd6 65. fxg5 hxg5 66. Kc4 Kb6 67. Kd5 Be7 68. a5+ Kxa5 69. Kc6 Kb4 70. Kd7 Bc5 71. Ne4 1-0

[Event "Schachfestival Senioren"]
[Site "Bad Woerishofen"]
[Date "2023.03.08"]
[Round "6.40"]
[White "Flockerzi, Armin"]
[Black "Rumsey, Victor B"]
[Result "1/2-1/2"]
[WhiteElo "1669"]
[BlackElo "1696"]
[PlyCount "113"]
[EventDate "2023.??.??"]
[WhiteTeam "VfR-SC Koblenz"]
[BlackTeam "Battersea"]

1. d4 Nf6 2. Nf3 g6 3. g3 Bg7 4. Bg2 d6 5. c3 O-O 6. O-O Nbd7 7. Re1 e5 8. dxe5 dxe5 9. e4 Qe7 10. Qc2 b6 11. b3 Rd8 12. Nbd2 Bb7 13. Bb2 Nf8 14. c4 N6d7 15. Rad1 Ne6 16. Nf1 Rac8 17. Re2 f6 18. Ne3 Ndf8 19. Nd5 Qe8 20. Ba3 c6 21. Nc3 Nd4 22. Nxd4 exd4 23. Nb1 c5 24. Qd3 Rc7 25. Bc1 Re7 26. Rde1 Bc8 27. f3 Qf7 28. h3 Rde8 29. Bf4 g5 30. Bd6 Re6 31. Bxf8 Qxf8 32. g4 Qf7 33. Nd2 h6 34. Nf1 Qc7 35. Kf2 Bf8 36. Ng3 R6e7 37. Nh5 Qe5 38. Qd2 Qc7 39. Nxf6+ Kf7 40. Nxe8 Rxe8 41. Qd3 Qe5 42. Rf1 Bd6 43. Ke1 Qg3+ 44. Kd1 Bf4 45. Kc2 Bd7 46. Qd1 Be5 47. Qe1 Qf4 48. Kd3 b5 49. Rh1 Rb8 50. Qa5 bxc4+ 51. bxc4 Be6 52. Qxc5 Rb7 53. Rd1 Rc7 54. Qb5 Bxc4+ 55. Qxc4+ Rxc4 56. Kxc4 Qf6 57. Red2 1/2-1/2

[Event "Schachfestival Senioren"]
[Site "Bad Woerishofen"]
[Date "2023.03.08"]
[Round "6.41"]
[White "Eigenmann, Christina"]
[Black "Knischka, Walter"]
[Result "1/2-1/2"]
[WhiteElo "1664"]
[BlackElo "1795"]
[PlyCount "39"]
[EventDate "2023.??.??"]
[WhiteTeam "Schweizer Schachsenioren"]
[BlackTeam "SK Oberguenzburg"]

1. d4 g6 2. c3 Bg7 3. e4 d6 4. Bd3 Nd7 5. Ne2 e5 6. d5 Ngf6 7. Bg5 h6 8. Bxf6 Nxf6 9. O-O O-O 10. Nd2 c6 11. c4 Bd7 12. Rc1 c5 13. a3 a6 14. Nc3 Rb8 15. Qe2 Nh5 16. g3 Bh3 17. Rfe1 f5 18. exf5 Bxf5 19. Bxf5 Rxf5 20. Nce4 1/2-1/2

[Event "Schachfestival Senioren"]
[Site "Bad Woerishofen"]
[Date "2023.03.08"]
[Round "6.42"]
[White "Klimpel, Siegfried"]
[Black "Mahrla, Hans"]
[Result "1-0"]
[WhiteElo "1768"]
[BlackElo "1654"]
[PlyCount "75"]
[EventDate "2023.??.??"]
[WhiteTeam "TSV Kareth-Lappersdorf"]
[BlackTeam "SC Eichenau"]

1. e4 e6 2. d3 d5 3. Nd2 Nf6 4. Ngf3 dxe4 5. dxe4 Be7 6. Bd3 Nc6 7. a3 O-O 8. O-O a6 9. Nc4 e5 10. Ncxe5 Nxe5 11. Nxe5 Bd6 12. Nf3 Bg4 13. h3 Bh5 14. Bg5 h6 15. Bd2 Re8 16. Re1 Nd7 17. g4 Bg6 18. Re2 Ne5 19. Nxe5 Bxe5 20. Qf1 Qd6 21. Rb1 Rad8 22. f4 Bd4+ 23. Be3 Bxe4 24. Rd1 Bxe3+ 25. Rxe3 Qd4 26. Qf2 Qxb2 27. Rde1 Qd4 28. Bxe4 Rxe4 29. Rxe4 Qxf2+ 30. Kxf2 Kf8 31. Ke2 g6 32. Rd1 Re8 33. Rdd4 f5 34. Rxe8+ Kxe8 35. gxf5 Ke7 36. fxg6 Kf6 37. f5 h5 38. Rd7 1-0

[Event "Schachfestival Senioren"]
[Site "Bad Woerishofen"]
[Date "2023.03.08"]
[Round "6.43"]
[White "Bjorgvik, Jan Arne"]
[Black "Schomann, Michael"]
[Result "1-0"]
[WhiteElo "1764"]
[BlackElo "1630"]
[PlyCount "93"]
[EventDate "2023.??.??"]
[WhiteTeam "NSF"]
[BlackTeam "TSV Kuecknitz v. 1911 e.V."]

1. e4 c5 2. Nf3 d6 3. d4 cxd4 4. Nxd4 Nf6 5. Nc3 a6 6. Be2 g6 7. Be3 Bg7 8. O-O Nc6 9. h3 O-O 10. Qd2 Qc7 11. Rad1 b5 12. Nxc6 Qxc6 13. e5 dxe5 14. Nd5 Qxd5 15. Qxd5 Nxd5 16. Rxd5 Be6 17. Rc5 Rac8 18. a3 Rfd8 19. Rxc8 Rxc8 20. c3 Bc4 21. Bxc4 Rxc4 22. Rd1 Rc8 23. Rd7 Bf6 24. Ra7 Rc6 25. Bh6 Rc8 26. h4 Bxh4 27. Rxa6 Rd8 28. g3 Bf6 29. Rb6 Bg7 30. Bxg7 Kxg7 31. Rxb5 f6 32. a4 Kf7 33. a5 Ke6 34. c4 Rc8 35. b3 Kd6 36. a6 Ra8 37. Ra5 Kc6 38. b4 e4 39. Ra2 e6 40. Re2 f5 41. f3 Kb6 42. b5 Kc5 43. Rb2 e3 44. Kf1 Kxc4 45. b6 Rxa6 46. b7 Ra1+ 47. Ke2 1-0

[Event "Schachfestival Senioren"]
[Site "Bad Woerishofen"]
[Date "2023.03.08"]
[Round "6.44"]
[White "Goris-Schouwstra, Adry"]
[Black "Sakowski, Christian"]
[Result "1/2-1/2"]
[WhiteElo "1659"]
[BlackElo "1761"]
[PlyCount "43"]
[EventDate "2023.??.??"]
[BlackTeam "SC Muelheim 08/25 e.V."]

1. d4 Nf6 2. c4 g6 3. Nc3 d5 4. e3 Bg7 5. Nf3 O-O 6. Be2 c6 7. O-O b6 8. cxd5 cxd5 9. Bd2 Bb7 10. Rc1 Nc6 11. a3 Rc8 12. b4 e6 13. h3 Re8 14. Qb3 Qe7 15. Rfe1 Red8 16. Qa2 Qe8 17. Bb5 a6 18. Bf1 b5 19. Red1 Nd7 20. Ne2 Nb6 21. Nf4 Ne7 22. Ne5 1/2-1/2

[Event "Schachfestival Senioren"]
[Site "Bad Woerishofen"]
[Date "2023.03.08"]
[Round "6.45"]
[White "Wenske, Hardy"]
[Black "Hertkorn, Dieter"]
[Result "1-0"]
[WhiteElo "1761"]
[BlackElo "1549"]
[PlyCount "49"]
[EventDate "2023.??.??"]
[WhiteTeam "Kieler Schachgesellschaft"]
[BlackTeam "SF Blaustein"]

1. Nf3 Nc6 2. d4 d5 3. e3 e6 4. a3 Nf6 5. Bd3 Bd6 6. Nbd2 O-O 7. O-O Re8 8. e4 dxe4 9. Nxe4 Nxe4 10. Bxe4 e5 11. Bxc6 bxc6 12. dxe5 Bxe5 13. Qxd8 Rxd8 14. Nxe5 Rd6 15. Be3 f6 16. Nc4 Rd5 17. Rfd1 Bf5 18. Rxd5 cxd5 19. Na5 Rb8 20. b4 a6 21. h3 Kf7 22. c3 Bd3 23. Rd1 Bc4 24. Nxc4 dxc4 25. Rd7+ 1-0

[Event "Schachfestival Senioren"]
[Site "Bad Woerishofen"]
[Date "2023.03.08"]
[Round "6.47"]
[White "Kirchner, Ulrich"]
[Black "Collins, Alan"]
[Result "1-0"]
[WhiteElo "1750"]
[BlackElo "1608"]
[PlyCount "57"]
[EventDate "2023.??.??"]
[WhiteTeam "SF Blaustein"]
[BlackTeam "Cowley"]

1. d4 d6 2. Nf3 Nf6 3. Bf4 Bg4 4. e3 Nbd7 5. Be2 c5 6. Nbd2 e6 7. h3 Bxf3 8. Bxf3 d5 9. O-O Qb6 10. dxc5 Nxc5 11. b3 Bd6 12. Bxd6 Qxd6 13. c4 Rd8 14. b4 Nce4 15. Nxe4 dxe4 16. Qa4+ Qd7 17. Bd1 Qxa4 18. Bxa4+ Ke7 19. Rfd1 Rxd1+ 20. Rxd1 Rd8 21. Rxd8 Kxd8 22. Kf1 Nd7 23. Bxd7 Kxd7 24. Ke2 Kc6 25. Kd2 g5 26. Kc3 e5 27. a4 a5 28. g4 h6 29. bxa5 1-0

[Event "Schachfestival Senioren"]
[Site "Bad Woerishofen"]
[Date "2023.03.08"]
[Round "6.48"]
[White "Narr, Irmgard"]
[Black "Haugg, Gerhard"]
[Result "0-1"]
[WhiteElo "1620"]
[BlackElo "1744"]
[PlyCount "112"]
[EventDate "2023.??.??"]
[WhiteTeam "SC Muehlhof-Reichelsdorf e.V."]

1. e4 d6 2. Bc4 e5 3. d3 Nc6 4. c3 Bd7 5. b4 h6 6. Nf3 Nf6 7. Be3 Be7 8. Nbd2 O-O 9. O-O b6 10. Re1 Ng4 11. Nf1 Nxe3 12. Nxe3 Kh8 13. h3 Qc8 14. Qb3 Qe8 15. Nd5 Bd8 16. a4 a5 17. b5 Ne7 18. Nxe7 Bxe7 19. Qd1 f5 20. Nh2 Qg6 21. Qf3 Rab8 22. Bd5 Bh4 23. Ra2 Rbe8 24. Bc6 Bxc6 25. bxc6 Bd8 26. Nf1 Qe6 27. Ree2 fxe4 28. Qxe4 d5 29. Qg4 Qxc6 30. Rec2 Rf4 31. Qh5 Rxa4 32. Rxa4 Qxa4 33. Qf7 Rg8 34. Rd2 Qc6 35. Rc2 Qd6 36. Ne3 c6 37. Nf5 Qf6 38. Qd7 Rf8 39. Nd6 Qe7 40. Qxc6 Rf6 41. Qxd5 Rxd6 42. Qe4 Re6 43. Rb2 Qc7 44. c4 Bf6 45. Rb5 Qd8 46. Rd5 Rd6 47. Rxd6 Qxd6 48. Kf1 Qd8 49. Ke2 Qd7 50. Qa8+ Kh7 51. Qe4+ g6 52. g3 Bg7 53. g4 Qd4 54. Qb7 a4 55. Qa7 Qb2+ 56. Ke3 a3 0-1

[Event "Schachfestival Senioren"]
[Site "Bad Woerishofen"]
[Date "2023.03.08"]
[Round "6.49"]
[White "Titz, Waldemar"]
[Black "Huhn, Ulrich"]
[Result "1/2-1/2"]
[WhiteElo "1710"]
[BlackElo "1803"]
[PlyCount "34"]
[EventDate "2023.??.??"]
[WhiteTeam "SV Rottweil"]
[BlackTeam "SF Siemensstadt"]

1. e4 d5 2. exd5 Nf6 3. Nf3 Nxd5 4. d3 Bg4 5. Be2 e6 6. O-O c5 7. h3 Bh5 8. c3 Nc6 9. Re1 Be7 10. Nfd2 Bxe2 11. Rxe2 Nf4 12. Re3 Nxd3 13. Qc2 Nxc1 14. Qxc1 Bg5 15. Rg3 Bxd2 16. Nxd2 O-O 17. Ne4 Kh8 1/2-1/2